Vytvorenie centrálne riadeného tímu hráčov simulovaného robotického futbalu

Uložené v:
Podrobná bibliografia
Hlavný autor: Valčuha, Matej, 1987- (Autor)
Ďalší autori: Závodský, Marek (Vedúci práce)
Médium: Rukopis Kniha
Jazyk:Slovak
Vydavateľské údaje: STU v Bratislave FIIT, 2009
Predmet:
Tagy: Pridať tag
Žiadne tagy, Buďte prvý, kto otaguje tento záznam!

MARC

LEADER 00000ntm a22000003a 4500
001 stu199420
005 20180221131043.1
008 100205s2009----xo------------------slo-d
040 |a STU  |b slo 
041 0 |a slo 
044 |a xo 
100 1 |a Valčuha, Matej,  |d 1987-  |4 aut  |u I200  |U FIIT Fakulta informatiky a informačných technológií  |T FIIT Ústav informatiky a softvérového inžinierstva  |X 35655  |U I200  |Y 179  |7 A000035655 
245 1 |a Vytvorenie centrálne riadeného tímu hráčov simulovaného robotického futbalu 
260 |b STU v Bratislave FIIT,  |c 2009 
300 |a 33 s  |c príl. 
650 7 |a informatika  |2 stusub 
700 1 |a Závodský, Marek  |4 ths 
996 |c I*BAP205/09  |l II680  |s P  |a 0  |w stu199420_0001